[Event "19th Dubai Open 2017"]
[Site "Dubai UAE"]
[Date "2017.04.08"]
[Round "6.5"]
[White "Jones, Gawain C B"]
[Black "Mchedlishvili, Mikheil"]
[Result "1-0"]
[WhiteTitle "GM"]
[BlackTitle "GM"]
[WhiteElo "2671"]
[BlackElo "2602"]
[WhiteFideId "409561"]
[BlackFideId "13600966"]
[EventDate "2017.04.03"]

1. e4 c5 2. Nf3 e6 3. c3 Nf6 4. e5 Nd5 5. Bc4 d6 6. O-O Nc6 7. d4 cxd4 8. cxd4
Be7 9. Bd2 O-O 10. Nc3 Nxc3 11. Bxc3 dxe5 12. dxe5 b6 13. Qe2 Bb7 14. Rac1 Rc8
15. a3 Rc7 16. Bd3 Qc8 17. Qe4 g6 18. Qf4 Rd8 19. Bb1 Ba6 20. Rfe1 Bd3 21. Nd2
Bxb1 22. Rxb1 Rd5 23. Ne4 Rcd7 24. h4 h5 25. Re3 Qf8 26. Rc1 a5 27. Rf3 Qg7 28.
Re3 Nxe5 29. Rce1 f6 30. Bxe5 fxe5 31. Qg3 Rd1 32. Rxd1 Rxd1+ 33. Kh2 Rd5 34.
Qh3 Bd8 35. Qxe6+ Qf7 36. Qc6 Kg7 37. g3 Qd7 38. Qa8 Be7 39. Rc3 Bc5 40. Rf3 Qd8
41. Qc6 Be7 42. Qe6 Bxh4 43. Rf7+ Kh6 44. Nf6 1-0

[Event "19th Dubai Open 2017"]
[Site "Dubai UAE"]
[Date "2017.04.08"]
[Round "6.6"]
[White "Sargissian, Gabriel"]
[Black "Can, Emre"]
[Result "1/2-1/2"]
[WhiteTitle "GM"]
[BlackTitle "GM"]
[WhiteElo "2666"]
[BlackElo "2578"]
[WhiteFideId "13300881"]
[BlackFideId "6302181"]
[EventDate "2017.04.03"]

1. d4 Nf6 2. Nf3 g6 3. g3 Bg7 4. Bg2 d5 5. c4 c6 6. Qb3 O-O 7. Nc3 dxc4 8. Qxc4
Bf5 9. Ng5 h6 10. e4 Bc8 11. Nf3 b6 12. Bf4 Ba6 13. Qb3 c5 14. d5 Nbd7 15. Qc2
g5 16. Bd2 Ng4 17. Bf1 Qc8 18. h3 Nge5 19. Nxe5 Nxe5 20. O-O-O Nf3 21. h4 Nd4
22. Bxa6 Qxa6 23. Qa4 Ne2+ 24. Kc2 Nd4+ 25. Kc1 Ne2+ 26. Kc2 Nd4+ 27. Kc1 Ne2+ 1/2-1/2

[Event "19th Dubai Open 2017"]
[Site "Dubai UAE"]
[Date "2017.04.08"]
[Round "6.7"]
[White "Adly, Ahmed"]
[Black "Amin, Bassem"]
[Result "1/2-1/2"]
[WhiteTitle "GM"]
[BlackTitle "GM"]
[WhiteElo "2597"]
[BlackElo "2663"]
[WhiteFideId "10601619"]
[BlackFideId "10601457"]
[EventDate "2017.04.03"]

1. e4 e5 2. Nf3 Nc6 3. Bc4 Bc5 4. O-O Nf6 5. d3 d6 6. h3 O-O 7. Nc3 Be6 8. Bxe6
fxe6 9. Be3 Bxe3 10. fxe3 h6 11. Nh2 Qe7 12. Ng4 Nxg4 13. Qxg4 a6 14. a3 Rxf1+
15. Rxf1 Rf8 16. Rxf8+ Kxf8 17. Qf3+ Qf7 18. Qxf7+ Kxf7 19. Kf2 g5 20. g4 b5 21.
b4 Kf6 22. Kf3 Ne7 23. Ne2 c6 24. Ng3 Ng6 25. Nh5+ Kf7 26. Ng3 Nh4+ 27. Kf2 Ke7
28. Ke2 Ng6 29. c3 Kf6 30. Kf3 Nh4+ 1/2-1/2

[Event "19th Dubai Open 2017"]
[Site "Dubai UAE"]
[Date "2017.04.08"]
[Round "6.8"]
[White "Idani, Pouya"]
[Black "Oleksiyenko, Mykhaylo"]
[Result "1/2-1/2"]
[WhiteTitle "GM"]
[BlackTitle "GM"]
[WhiteElo "2573"]
[BlackElo "2643"]
[WhiteFideId "12510130"]
[BlackFideId "4152417"]
[EventDate "2017.04.03"]

1. e4 e6 2. d4 d5 3. Nc3 Nf6 4. e5 Nfd7 5. f4 c5 6. Nf3 Nc6 7. Be3 a6 8. Qd2 b5
9. dxc5 Bxc5 10. Bd3 Qb6 11. Bf2 O-O 12. O-O Bxf2+ 13. Qxf2 Qxf2+ 14. Rxf2 Nc5
15. a3 b4 16. axb4 Nxb4 17. Bf1 Bd7 18. Ra5 Nb7 19. Ra3 Nc5 20. Ra5 Nb7 21. Ra3
Nc5 22. Ra5 1/2-1/2

[Event "19th Dubai Open 2017"]
[Site "Dubai UAE"]
[Date "2017.04.08"]
[Round "6.9"]
[White "Karthikeyan, P."]
[Black "Zhang, Zhong"]
[Result "1-0"]
[WhiteTitle "IM"]
[BlackTitle "GM"]
[WhiteElo "2507"]
[BlackElo "2641"]
[WhiteFideId "5018226"]
[BlackFideId "8600694"]
[EventDate "2017.04.03"]

1. d4 Nf6 2. c4 e6 3. Nc3 Bb4 4. Qc2 O-O 5. a3 Bxc3+ 6. Qxc3 d6 7. Bg5 Nbd7 8.
e3 b6 9. Ne2 Bb7 10. Qc2 c5 11. Rd1 Qc7 12. Nc3 a6 13. Qd2 Rad8 14. f3 h6 15.
Bh4 d5 16. cxd5 exd5 17. Be2 Rde8 18. O-O Re6 19. Rfe1 Rfe8 20. Bd3 g6 21. dxc5
bxc5 22. Bc2 Nb6 23. Bb3 g5 24. Bg3 Qc6 25. e4 d4 26. Bxe6 fxe6 27. Ne2 e5 28.
b4 c4 29. Bxe5 Rxe5 30. Nxd4 Qc7 31. Nf5 Bc8 32. Qd6 Qxd6 33. Rxd6 Re6 34. Red1
Ne8 35. Rd8 Kf7 36. a4 Rc6 37. a5 Na4 38. Nd4 Rc7 39. b5 axb5 40. Nxb5 Rc5 41.
Ra1 c3 42. Nxc3 Nxc3 43. a6 Bxa6 44. Rxa6 Ne2+ 45. Kf2 Nf4 46. Ra7+ Kf8 47. Rd2
Nc7 48. g3 Nfe6 49. Rd7 Rc3 50. Rh7 Rc2+ 51. Ke3 Rc3+ 52. Kf2 Rc2+ 53. Kf1 Kg8
54. Rxh6 Nd4 55. Rg6+ Kh7 56. Rd6 Nb5 57. Rd7+ Kg6 58. Rb7 Rc6 59. Kg2 Kh6 60.
Kh3 Kh5 61. g4+ Kg6 62. Kg3 Kf6 63. h4 gxh4+ 64. Kxh4 Ke6 65. Rh7 Ke5 66. Kg3
Kd4 67. g5 Ke3 68. Kg4 Rc1 69. Rh3 Nd4 70. g6 Ne2 71. Rb3+ Kd4 72. f4 Rg1+ 73.
Kf5 Kc4 74. Rbe3 Nd4+ 75. Kf6 Ne8+ 76. Ke7 Ng7 77. Rc3+ Kb4 78. f5 Ra1 79. Rc7
Ra8 80. Rh1 Rb8 81. Rb1+ Nb3 82. f6 Ne8 83. Rd7 1-0

[Event "19th Dubai Open 2017"]
[Site "Dubai UAE"]
[Date "2017.04.08"]
[Round "6.11"]
[White "Salem, A.R. Saleh"]
[Black "Salomon, Johan"]
[Result "1-0"]
[WhiteTitle "GM"]
[BlackTitle "IM"]
[WhiteElo "2652"]
[BlackElo "2487"]
[WhiteFideId "9301348"]
[BlackFideId "1509500"]
[EventDate "2017.04.03"]

1. d4 Nf6 2. c4 e6 3. Nc3 Bb4 4. e3 O-O 5. Bd3 d5 6. Nf3 dxc4 7. Bxc4 c5 8. O-O
Nbd7 9. a3 Ba5 10. Qe2 a6 11. Bd3 b5 12. b4 cxd4 13. exd4 Bc7 14. Ne4 Nd5 15.
Nc5 N7f6 16. Ne5 Qd6 17. Bg5 Nc3 18. Qf3 Nfd5 19. Rac1 f6 20. Qh5 f5 21. Rfe1 a5
22. bxa5 Bxa5 23. Rc2 Bb6 24. Bc1 Ra7 25. Bf1 Rc7 26. Ned3 Ba5 27. Bd2 Ra7 28.
Rec1 Nf6 29. Qf3 Ncd5 30. Bxa5 Rxa5 31. Ne5 Ne7 32. Qb3 Ng4 33. Nxg4 fxg4 34.
Bxb5 Qb6 35. a4 Nf5 36. Qb4 Ra7 37. Nb3 Bd7 38. Qc5 Qb8 39. d5 e5 40. Bc6 Rc8
41. Qb5 Nd6 42. Bxd7 1-0

[Event "19th Dubai Open 2017"]
[Site "Dubai UAE"]
[Date "2017.04.08"]
[Round "6.13"]
[White "Deepan, Chakkravarthy J."]
[Black "Anton Guijarro, David"]
[Result "1/2-1/2"]
[WhiteTitle "GM"]
[BlackTitle "GM"]
[WhiteElo "2483"]
[BlackElo "2679"]
[WhiteFideId "5011132"]
[BlackFideId "2285525"]
[EventDate "2017.04.03"]

1. Nf3 Nf6 2. d4 e6 3. Bf4 b6 4. e3 Bb7 5. Nbd2 h6 6. h3 Bd6 7. Bxd6 cxd6 8. Bd3
d5 9. O-O O-O 10. a4 Nc6 11. c3 d6 12. b4 Qc7 13. Qb1 e5 14. Nh2 e4 15. Be2 Ne7
16. a5 Qd7 17. b5 h5 18. Qb4 Rac8 19. Rfc1 Rc7 20. Nhf1 Qe6 21. Rc2 g6 22. Rac1
Rfc8 23. Qa3 Kg7 24. Qa1 Nf5 25. Qa3 Qd7 26. Qa1 Qe7 27. Qa3 Kh7 28. Qa1 Nd7 29.
Qa2 Ba8 30. Qa1 Ng7 31. Qa4 Ne6 32. c4 bxa5 33. Qxa5 Nb6 34. Rc3 h4 35. cxd5
Bxd5 36. Rxc7 Rxc7 37. Rxc7 Qxc7 38. Nb1 Bb3 39. Nfd2 Bc2 40. Nc3 d5 41. Qa3 f5
42. Nxd5 Nxd5 43. Bc4 Nxd4 44. exd4 Nb6 45. Be6 Qg7 46. Qc5 Bd3 47. Nb3 Kh6 48.
d5 Bc4 49. Nd4 Qf6 50. Nc6 f4 51. Nxa7 e3 52. fxe3 f3 53. e4 Qa1+ 54. Kh2 Qe5+
55. Kg1 Qa1+ 56. Kh2 Qe5+ 57. Kg1 Qa1+ 1/2-1/2

[Event "19th Dubai Open 2017"]
[Site "Dubai UAE"]
[Date "2017.04.08"]
[Round "6.14"]
[White "Nitin, S."]
[Black "Rakhmanov, Aleksandr"]
[Result "0-1"]
[WhiteTitle "IM"]
[BlackTitle "GM"]
[WhiteElo "2432"]
[BlackElo "2665"]
[WhiteFideId "5018277"]
[BlackFideId "4173708"]
[EventDate "2017.04.03"]

1. e4 c5 2. Nf3 Nf6 3. Nc3 d5 4. exd5 Nxd5 5. Bb5+ Bd7 6. Ne5 Nf6 7. Nxd7 Nbxd7
8. d4 e6 9. Bg5 a6 10. Bxf6 gxf6 11. Bxd7+ Qxd7 12. dxc5 Bxc5 13. Ne4 Be7 14.
Qxd7+ Kxd7 15. O-O-O+ Kc6 16. g4 Rag8 17. h3 h5 18. f3 hxg4 19. hxg4 Rxh1 20.
Rxh1 f5 21. gxf5 exf5 22. Nf2 Bc5 23. Nd3 Be3+ 24. Kd1 Kd6 25. Rh7 Ke6 26. Ke2
f4 27. Ne1 b5 28. Rh2 Kf5 29. Rh5+ Kg6 30. Rh2 Rc8 31. Kd1 Rc5 32. Nd3 Rg5 33.
a3 Kf5 34. Ke2 Bd4 35. Rh4 Be3 36. Rh2 f6 37. Nf2 Rg1 38. Nd3 Ke6 39. Ne1 Bd4
40. Nd3 Kd6 41. Rh6 Rg2+ 42. Kd1 Kc7 43. Nxf4 Rg1+ 44. Ke2 Bxb2 45. Nd5+ Kb7 46.
Nxf6 Bxa3 47. Ne4 a5 48. Rh5 Kc6 49. Nc3 Bb2 50. Nxb5 a4 51. c3 a3 52. Nd4+ Kb6
53. Rb5+ Ka6 54. Rb8 Rc1 55. Kd2 Rxc3 56. Rb3 Rc4 57. Nc2 a2 58. Rxb2 Rxc2+ 59.
Rxc2 a1=Q 60. Ke2 Kb5 61. Ke3 Qg1+ 62. Rf2 Kc4 63. f4 Qg3+ 64. Ke2 Kd4 65. f5
Qd3+ 0-1

[Event "19th Dubai Open 2017"]
[Site "Dubai UAE"]
[Date "2017.04.08"]
[Round "6.15"]
[White "Visakh, N R"]
[Black "Mareco, Sandro"]
[Result "0-1"]
[WhiteTitle "IM"]
[BlackTitle "GM"]
[WhiteElo "2464"]
[BlackElo "2655"]
[WhiteFideId "25012223"]
[BlackFideId "112275"]
[EventDate "2017.04.03"]

1. e4 c5 2. Nf3 e6 3. d4 cxd4 4. Nxd4 a6 5. Nc3 Qc7 6. Be2 Nf6 7. O-O d6 8. a4
Be7 9. Be3 O-O 10. f4 Nc6 11. Kh1 Re8 12. Nb3 b6 13. Bf3 Bb7 14. Qd2 Rab8 15.
Rad1 Ba8 16. Qe2 Nb4 17. Qf2 d5 18. exd5 Nbxd5 19. Nxd5 Nxd5 20. Bc1 Bd6 21. Nd4
Rbd8 22. c3 Bb7 23. Nc2 Bc6 24. Bxd5 Bxd5 25. Be3 Bc5 26. Nd4 Qb7 27. b4 Bf8 28.
f5 e5 29. Ne2 b5 30. axb5 axb5 31. f6 g6 32. Bc5 Bxc5 33. bxc5 h5 34. Kg1 Bc4
35. Qe3 Qc6 36. Ng3 Bxf1 37. Rxf1 e4 38. Kh1 Kh7 39. Nxh5 Rd3 40. Qe2 Qxc5 41.
Nf4 Rxc3 42. Qe1 g5 43. Nd5 Rd3 44. Ne7 Qe3 45. Qb1 Red8 46. Qa2 Rb3 47. h3 Kh8
48. Qa5 Qd3 49. Qe1 Ra8 50. Rg1 Rba3 51. Qc1 Ra1 52. Qc5 Rxg1+ 53. Kxg1 Qg3 54.
Qc1 e3 0-1

[Event "19th Dubai Open 2017"]
[Site "Dubai UAE"]
[Date "2017.04.08"]
[Round "6.16"]
[White "Gupta, Abhijeet"]
[Black "Santos Ruiz, Miguel"]
[Result "1-0"]
[WhiteTitle "GM"]
[BlackTitle "IM"]
[WhiteElo "2607"]
[BlackElo "2480"]
[WhiteFideId "5010608"]
[BlackFideId "22291482"]
[EventDate "2017.04.03"]

1. d4 Nf6 2. c4 e6 3. Nf3 d5 4. g3 Bb4+ 5. Nbd2 O-O 6. Bg2 dxc4 7. Qc2 a5 8. O-O
b5 9. a3 Be7 10. a4 c6 11. b3 cxb3 12. Nxb3 Na6 13. Bd2 Nd5 14. axb5 Nab4 15.
Bxb4 Nxb4 16. Qb1 Rb8 17. Nxa5 cxb5 18. Ne5 Rb6 19. Qb2 Bd6 20. Rfc1 Ra6 21. Nb3
Rxa1 22. Qxa1 Qb6 23. Qc3 Qb8 24. Qb2 Na6 25. Na5 Bxe5 26. dxe5 Bd7 27. Qd4 Rc8
28. Rxc8+ Qxc8 29. Bb7 Qc1+ 30. Kg2 Nc5 31. Bc6 Bxc6+ 32. Nxc6 g6 33. Qd8+ Kg7
34. Qf6+ Kh6 35. Nd8 1-0

[Event "19th Dubai Open 2017"]
[Site "Dubai UAE"]
[Date "2017.04.08"]
[Round "6.17"]
[White "Tari, Aryan"]
[Black "Kotanjian, Tigran"]
[Result "1-0"]
[WhiteTitle "GM"]
[BlackTitle "GM"]
[WhiteElo "2597"]
[BlackElo "2469"]
[WhiteFideId "1510045"]
[BlackFideId "13301250"]
[EventDate "2017.04.03"]

1. e4 c5 2. Nf3 d6 3. Bb5+ Bd7 4. c4 Nc6 5. d4 cxd4 6. Nxd4 Nf6 7. Nc3 g6 8. h3
Bg7 9. Be3 O-O 10. O-O a6 11. Bxc6 bxc6 12. c5 Qb8 13. Qd2 d5 14. exd5 cxd5 15.
c6 Be8 16. Bf4 e5 17. Bh2 Qd6 18. Nf3 Bxc6 19. Bxe5 Qd8 20. Qd4 Rc8 21. Rad1 Ba8
22. b3 Re8 23. Rfe1 h6 24. Re3 Re6 25. Ne4 a5 26. Nxf6+ Bxf6 27. Rde1 Bxe5 28.
Nxe5 Qf6 29. Rf3 Qe7 30. Ree3 Qb4 31. Qa7 Re7 32. Qa6 Rc1+ 33. Kh2 Bc6 34. Rg3
Qd6 35. Nxg6 fxg6 36. Rxe7 Qxe7 37. Rxg6+ Kf7 38. Rxc6 Qe5+ 39. g3 Rxc6 40. Qxc6
d4 41. Kg2 Ke7 42. Qb7+ Ke8 43. Qf3 Ke7 44. h4 Qe1 45. Qb7+ Kd6 46. Qa6+ Ke5 47.
Qb5+ Kd6 48. Qa6+ Ke5 49. f4+ Kf5 50. Qb5+ 1-0

[Event "19th Dubai Open 2017"]
[Site "Dubai UAE"]
[Date "2017.04.08"]
[Round "6.18"]
[White "Pantsulaia, Levan"]
[Black "Pascua, Haridas"]
[Result "1-0"]
[WhiteTitle "GM"]
[BlackTitle "IM"]
[WhiteElo "2589"]
[BlackElo "2441"]
[WhiteFideId "13602071"]
[BlackFideId "5203953"]
[EventDate "2017.04.03"]

1. c4 Nf6 2. Nf3 b6 3. d4 e6 4. g3 Bb7 5. Bg2 Be7 6. O-O O-O 7. Bf4 d5 8. cxd5
Nxd5 9. Nc3 Nxc3 10. bxc3 Be4 11. Qc1 Nd7 12. Qe3 Nf6 13. c4 h6 14. Rad1 Qc8 15.
Ne5 Bxg2 16. Kxg2 g5 17. Bxg5 hxg5 18. Qxg5+ Kh7 19. Rd3 Rg8 20. Qh4+ Kg7 21.
Rf3 Qe8 22. Qg5+ Kh7 23. Qh4+ Kg7 24. h3 Nd5 25. Qg4+ Kh6 26. Nxf7+ Qxf7 27.
Rxf7 Rxg4 28. hxg4 Kg6 29. Rf3 Nb4 30. Re3 Kf7 31. a4 Bf6 32. Re4 Na2 33. d5 e5
34. g5 Bg7 35. Re3 Re8 36. a5 Nb4 37. Ra3 Bf8 38. axb6 axb6 39. Rh1 Bd6 40. Rh6
e4 41. Ra7 Kg8 42. Rg6+ Kf8 43. f4 Nc2 44. Rf6+ Kg8 45. Rg6+ Kf8 46. Ra4 Kf7 47.
Rh6 Kg7 48. Kh3 Nd4 49. Ra7 Nf5 50. Rxd6 Nxd6 51. Rxc7+ Kg8 52. Kg4 Rf8 53. Rc6
Nf5 54. Rxb6 Ne3+ 55. Kh5 Nf5 56. Rb3 Nd4 57. Rb2 Nf5 58. Rb3 Nd4 59. Ra3 Re8
60. e3 Ne2 61. g4 Rd8 62. g6 Rc8 63. Kh6 Ng1 64. c5 1-0

[Event "19th Dubai Open 2017"]
[Site "Dubai UAE"]
[Date "2017.04.08"]
[Round "6.19"]
[White "Viani, Antonio Dcunha"]
[Black "Abasov, Nijat"]
[Result "1/2-1/2"]
[WhiteTitle "IM"]
[BlackTitle "GM"]
[WhiteElo "2410"]
[BlackElo "2588"]
[WhiteFideId "5027330"]
[BlackFideId "13402960"]
[EventDate "2017.04.03"]

1. e4 c5 2. Nf3 Nc6 3. Nc3 Nf6 4. Bb5 Qc7 5. O-O Nd4 6. Re1 a6 7. e5 Nxb5 8.
exf6 gxf6 9. Nd5 Qc6 10. c4 Nc7 11. Ne3 d5 12. d4 Rg8 13. dxc5 dxc4 14. Nxc4 Be6
15. b3 Rd8 16. Qe2 Bd5 17. Kh1 e5 18. Be3 Ne6 19. Rac1 Bxc5 20. Bxc5 Qxc5 21.
Ncxe5 Qd6 22. Nc4 Qf4 23. Ne3 Bxf3 24. Qxf3 Qxf3 25. gxf3 Rg5 26. f4 Nxf4 27.
Nd5+ Ne6 28. Nxf6+ Ke7 29. Ne4 Re5 30. Kg1 Nd4 31. Kg2 Ne6 32. Nc5 Rdd5 1/2-1/2

[Event "19th Dubai Open 2017"]
[Site "Dubai UAE"]
[Date "2017.04.08"]
[Round "6.20"]
[White "Antipov, Mikhail Al."]
[Black "Asadli, Vugar"]
[Result "1/2-1/2"]
[WhiteTitle "GM"]
[BlackTitle "IM"]
[WhiteElo "2586"]
[BlackElo "2431"]
[WhiteFideId "4107012"]
[BlackFideId "13405764"]
[EventDate "2017.04.03"]

1. e4 e5 2. Nf3 Nc6 3. Bc4 Bc5 4. c3 Nf6 5. d3 d6 6. h3 a6 7. a4 h6 8. Nbd2 Ba7
9. O-O O-O 10. Re1 Be6 11. Bb3 Re8 12. a5 Bxb3 13. Qxb3 Qd7 14. Nf1 d5 15. Ng3
Qe6 16. Qc2 Rad8 17. Nf5 dxe4 18. dxe4 Bc5 19. Be3 Bf8 20. Nd2 Rd7 21. Nf1 Red8
22. N1g3 Kh7 23. Ne2 g6 24. Nfg3 h5 25. Nf1 Bh6 26. Bxh6 Kxh6 27. Nc1 Qc4 28.
Qb3 Qc5 29. Qa4 b5 30. axb6 Qxb6 31. Nb3 Rb8 32. Nfd2 Nd8 33. Qxa6 Ne6 34. Qxb6
Rxb6 35. Ra3 Nf4 36. Nc4 Rb5 37. Nc1 Nxe4 38. Rxe4 Rd1+ 39. Kh2 Rxc1 40. Nxe5 f5
41. Nf7+ Kg7 42. Rxf4 Kxf7 43. Rc4 c5 44. Ra6 Rc2 45. b4 Rxf2 46. Kg3 Rc2 47.
Kf4 Rxb4 48. Rxb4 cxb4 49. cxb4 Rxg2 50. b5 Rb2 51. Kg5 1/2-1/2

[Event "19th Dubai Open 2017"]
[Site "Dubai UAE"]
[Date "2017.04.08"]
[Round "6.21"]
[White "Laxman, R.R."]
[Black "Lalith, Babu M R"]
[Result "1/2-1/2"]
[WhiteTitle "GM"]
[BlackTitle "GM"]
[WhiteElo "2403"]
[BlackElo "2571"]
[WhiteFideId "5005361"]
[BlackFideId "5024595"]
[EventDate "2017.04.03"]

1. d4 g6 2. e4 Bg7 3. Nf3 c6 4. Nc3 d5 5. e5 Bg4 6. Be2 e6 7. Ng1 Bxe2 8. Ngxe2
Ne7 9. O-O Nd7 10. f4 O-O 11. Be3 Rc8 12. a4 a6 13. a5 c5 14. dxc5 Nxc5 15. b4
Nd7 16. Na4 Nf5 17. Bf2 f6 18. exf6 Nxf6 19. Nc5 Qe7 20. Nd4 Ne4 21. Ndxe6 Nxf2
22. Rxf2 Bxa1 23. Qxa1 Rfe8 24. Qe5 Qf7 25. g4 Nh6 26. Re2 Nxg4 27. Qxd5 Nf6 28.
Qf3 Nd7 29. Ng5 Qc4 30. Nge4 Qd4+ 31. Qf2 Qd1+ 32. Re1 Qg4+ 33. Qg3 Qxg3+ 34.
hxg3 Nxc5 35. Nf6+ Kf7 36. Nxe8 Rxe8 37. Rxe8 Kxe8 38. bxc5 Kd7 39. Kf2 Kc6 40.
Ke3 Kxc5 41. g4 Kd5 42. c4+ Ke6 43. g5 Kd6 44. Kd4 Kc6 45. Ke5 Kc5 46. Kf6 b6
47. axb6 Kxb6 48. Kg7 a5 49. Kxh7 a4 50. f5 gxf5 51. g6 a3 52. g7 a2 53. g8=Q
a1=Q 54. Qe6+ 1/2-1/2

[Event "19th Dubai Open 2017"]
[Site "Dubai UAE"]
[Date "2017.04.08"]
[Round "6.22"]
[White "Xu, Yinglun"]
[Black "Dimakiling, Oliver"]
[Result "1/2-1/2"]
[BlackTitle "IM"]
[WhiteElo "2557"]
[BlackElo "2406"]
[WhiteFideId "8604940"]
[BlackFideId "5202248"]
[EventDate "2017.04.03"]

1. d4 d5 2. c4 e6 3. Nc3 Be7 4. Nf3 a6 5. cxd5 exd5 6. Qc2 Be6 7. h3 c5 8. dxc5
Bxc5 9. Bg5 f6 10. Bd2 Nc6 11. Na4 Ba7 12. Nc5 Bc8 13. e3 Nge7 14. Be2 Qd6 15.
Rc1 O-O 16. O-O Rf7 17. Rfd1 g5 18. Be1 Bb8 19. e4 Ne5 20. g3 b6 21. Na4 Bxh3
22. exd5 N7g6 23. Qb3 Ba7 24. Nxe5 Qxe5 25. Qe3 Qxe3 26. fxe3 Bd7 27. b3 Ne5 28.
Bf2 Bg4 29. Bxg4 Nxg4 30. e4 Nxf2 31. Kxf2 Re8 32. Kf3 h5 33. d6 Rd7 34. Rc7
Red8 35. Rc6 Rb8 36. Nc3 Kf7 37. Nd5 b5 38. Rxa6 Bc5 39. Rc6 Ba3 40. b4 Bb2 41.
Rb6 Ra8 42. Rxb5 Ra3+ 43. Ne3 Be5 44. Ra5 Rc3 45. Rc5 Ra3 46. Ra5 Rc3 47. Rc5
Ra3 1/2-1/2

[Event "19th Dubai Open 2017"]
[Site "Dubai UAE"]
[Date "2017.04.08"]
[Round "6.23"]
[White "Iniyan, P"]
[Black "Pichot, Alan"]
[Result "1-0"]
[BlackTitle "GM"]
[WhiteElo "2399"]
[BlackElo "2556"]
[WhiteFideId "25002767"]
[BlackFideId "110973"]
[EventDate "2017.04.03"]

1. d4 Nf6 2. c4 e6 3. Nc3 Bb4 4. Nf3 b6 5. e3 Bb7 6. Bd3 O-O 7. O-O c5 8. Na4
cxd4 9. exd4 Be7 10. Re1 d6 11. b4 Nbd7 12. Bb2 a5 13. a3 Re8 14. Nd2 Bf8 15.
Qb3 g6 16. Nc3 Qc7 17. d5 Ne5 18. Nb5 Qd8 19. dxe6 Rxe6 20. Bc2 axb4 21. Qxb4
Nh5 22. Qc3 Rc8 23. Be4 d5 24. Bxd5 Bg7 25. Qb3 Bxd5 26. cxd5 Re8 27. Ne4 Nc4
28. Bxg7 Nxg7 29. Na7 Rxe4 30. Rxe4 Nd2 31. Qe3 Rc2 32. Qd3 Qf6 33. Ree1 Rb2 34.
Rac1 Nf5 35. Re2 Qg5 36. Rd1 Nh4 37. f4 Ndf3+ 38. Kh1 Qxf4 39. gxf3 1-0

[Event "19th Dubai Open 2017"]
[Site "Dubai UAE"]
[Date "2017.04.08"]
[Round "6.24"]
[White "Sunilduth Lyna, Narayanan"]
[Black "Padmini, Rout"]
[Result "1-0"]
[WhiteTitle "GM"]
[BlackTitle "IM"]
[WhiteElo "2551"]
[BlackElo "2400"]
[WhiteFideId "5058422"]
[BlackFideId "5029295"]
[EventDate "2017.04.03"]

1. d4 Nf6 2. c4 e6 3. Nf3 d5 4. Nc3 c5 5. cxd5 Nxd5 6. e4 Nxc3 7. bxc3 cxd4 8.
cxd4 Bb4+ 9. Bd2 Bxd2+ 10. Qxd2 O-O 11. Bc4 Nd7 12. O-O b6 13. Rfe1 Bb7 14. a4
Rc8 15. Bd3 a5 16. h3 Qe7 17. Qb2 Rc7 18. Nd2 Rfc8 19. e5 Rc3 20. Be4 Bxe4 21.
Nxe4 Rc2 22. Qb3 h6 23. Nc5 Rxf2 24. Kxf2 bxc5 25. Kg1 cxd4 26. Qb7 Rd8 27. Qc7
d3 28. Kh1 Qg5 29. Rad1 Nf8 30. Qxa5 Ng6 31. Qc3 Nf4 32. Qd2 Rc8 33. Rc1 Ra8 34.
Rc4 Nxh3 35. Qxg5 Nxg5 36. Rd1 Rd8 37. a5 f5 38. exf6 e5 39. a6 e4 40. a7 Ra8
41. Rc7 Nf7 42. Rb7 1-0

[Event "19th Dubai Open 2017"]
[Site "Dubai UAE"]
[Date "2017.04.08"]
[Round "6.25"]
[White "Mastrovasilis, Athanasios"]
[Black "D'Costa, Lorin A R"]
[Result "1-0"]
[WhiteTitle "GM"]
[BlackTitle "IM"]
[WhiteElo "2524"]
[BlackElo "2390"]
[WhiteFideId "4201990"]
[BlackFideId "409219"]
[EventDate "2017.04.03"]

1. c4 c5 2. Nf3 Nf6 3. Nc3 e6 4. e4 Nc6 5. d4 cxd4 6. Nxd4 Bb4 7. Nxc6 bxc6 8.
Bd3 e5 9. O-O O-O 10. Be3 Bxc3 11. bxc3 d6 12. h3 Be6 13. f4 exf4 14. Bxf4 Qb6+
15. Rf2 Qc5 16. Bc2 Rfd8 17. Qd4 Ne8 18. Qxc5 dxc5 19. Be3 Nd6 20. Bxc5 Nxc4 21.
Rd1 a5 22. Rd4 f6 23. Bb3 Rxd4 24. cxd4 a4 25. Bc2 Ra5 26. Rf3 Ne5 27. Ra3 Nd7
28. Rxa4 Rxa4 29. Bxa4 Nxc5 30. dxc5 Bxa2 31. Bxc6 Kf8 32. Bd5 Bb1 33. h4 Ke7
34. Kf2 1-0

[Event "19th Dubai Open 2017"]
[Site "Dubai UAE"]
[Date "2017.04.08"]
[Round "6.26"]
[White "Kuybokarov, Temur"]
[Black "Siva, Mahadevan"]
[Result "0-1"]
[WhiteTitle "IM"]
[BlackTitle "IM"]
[WhiteElo "2504"]
[BlackElo "2363"]
[WhiteFideId "14203049"]
[BlackFideId "25043153"]
[EventDate "2017.04.03"]

1. e4 e5 2. Nf3 Nc6 3. Bc4 Bc5 4. O-O Nf6 5. d3 d6 6. c3 a6 7. Bb3 Ba7 8. Re1
O-O 9. h3 h6 10. Nbd2 Re8 11. Nf1 Be6 12. Be3 Bxe3 13. Nxe3 Qd7 14. Nh2 d5 15.
Qf3 d4 16. Nd5 Bxd5 17. Bxd5 dxc3 18. bxc3 Rad8 19. Bxc6 Qxc6 20. Rac1 Re7 21.
Qe2 Qb5 22. Rb1 Qc6 23. c4 Nd7 24. Ng4 Nc5 25. Red1 Qd6 26. Ne3 Red7 27. Nf5 Qf6
28. Rd2 Nxd3 29. Qe3 b6 30. Rbd1 Nc5 31. Rxd7 Rxd7 32. Rxd7 Nxd7 33. Qd3 Nc5 34.
Qd5 Kh7 35. Qa8 g6 36. Ne3 Qd6 37. Kh2 c6 38. Qa7 Kg7 39. Qxb6 Nxe4 40. f3 Nc5
41. Nd5 e4+ 42. Kh1 exf3 43. gxf3 Nd7 44. Qb2+ Qe5 45. Nc3 Nf6 46. Qc1 Nh5 47.
Ne4 Qf5 48. Qc3+ Kh7 49. Kh2 g5 50. c5 Kg6 51. a3 Nf4 52. Nf2 Qb1 53. Qc4 Qe1
54. Qc2+ f5 55. Nd3 Nxd3 56. Qxd3 Qf2+ 57. Kh1 Qg3 58. Qe2 Qxh3+ 59. Kg1 Qg3+
60. Kf1 Kf6 61. Qb2+ Qe5 62. Qb6 Qd5 63. Kf2 g4 64. fxg4 fxg4 65. Qxa6 Qxc5+ 66.
Kg2 Kg5 67. Qe2 Qd5+ 68. Kf2 Qf5+ 69. Kg1 Qc5+ 70. Kg2 Kf5 71. a4 Qd5+ 72. Kg1
Qd4+ 73. Kf1 Qf4+ 74. Kg1 Qd4+ 75. Kh1 Qa1+ 76. Kg2 Qxa4 77. Qf2+ Qf4 78. Qc5+
Qe5 79. Qf8+ Qf6 80. Qc8+ Kg5 81. Qg8+ Kh4 82. Qb8 Qf3+ 83. Kh2 g3+ 0-1

[Event "19th Dubai Open 2017"]
[Site "Dubai UAE"]
[Date "2017.04.08"]
[Round "6.27"]
[White "Yap, Kim Steven"]
[Black "Xu, Xiangyu"]
[Result "0-1"]
[WhiteTitle "IM"]
[BlackTitle "IM"]
[WhiteElo "2379"]
[BlackElo "2503"]
[WhiteFideId "5202809"]
[BlackFideId "8608288"]
[EventDate "2017.04.03"]

1. e4 c5 2. b3 Nf6 3. e5 Nd5 4. Bb2 g6 5. Qf3 Nb4 6. Na3 Bg7 7. Qg3 N8c6 8. Nf3
d6 9. O-O-O dxe5 10. Nxe5 O-O 11. Nxc6 Bxb2+ 12. Kxb2 Nxc6 13. h4 Qd4+ 14. c3
Qg4 15. Qxg4 Bxg4 16. f3 Be6 17. Bb5 Rac8 18. Bxc6 Rxc6 19. d4 cxd4 20. Rxd4 a6
21. c4 Rc5 22. Re1 Rfc8 23. Re2 Kf8 24. Red2 Ke8 25. Kc3 b6 26. Nc2 b5 27. Ne3
f6 28. f4 bxc4 29. bxc4 h5 30. a3 Bf7 31. Rb2 Ra5 32. Kb4 Rac5 33. Kc3 e5 34.
fxe5 fxe5 35. Re4 Be6 36. Rb6 Ke7 37. Kb3 a5 38. g3 Kd7 39. a4 R8c6 40. Rb5 Kd6
41. Rxc5 Rxc5 42. Nd1 Rc8 43. Nc3 Rc5 44. Nb5+ Ke7 45. Kc3 Kf6 46. Kb3 Rc6 47.
Kc3 Bd5 48. Re2 Rxc4+ 49. Kd3 Rxa4 50. Nc3 Rd4+ 51. Ke3 Bc4 0-1